Balfour Beatty wins first place (Record no. 83120)

MARC details
000 -LEADER
fixed length control field 01014cab a22002295a 4500
001 - CONTROL NUMBER
control field L152851
008 - FIXED-LENGTH DATA ELEMENTS--GENERAL INFORMATION
fixed length control field 110506e20110421xxk 000 0 eng d
035 ## - SYSTEM CONTROL NUMBER
System control number (Sirsi) u152851
041 0# - LANGUAGE CODE
Language code of text/sound track or separate title eng
100 1# - MAIN ENTRY--PERSONAL NAME
Personal name Matthews, David
245 00 - TITLE STATEMENT
Title Balfour Beatty wins first place
Remainder of title business barometer, firm takes advantage of rivals' falling workloads despite only increasing wins by £25m
260 ## - PUBLICATION, DISTRIBUTION, ETC.
Date of publication, distribution, etc. 2011
490 ## - SERIES STATEMENT
Series statement Building
Volume/sequential designation 276(8675) 21 April 2011, 18-19(2)
520 ## - SUMMARY, ETC.
Summary, etc. Overview, tables of top contractors excluding and including civils for work won March 2011, yearly work won 1 March 2010-31 March 2011, and top architects, clients/promoters and quantity surveyors 1 March-31 March 2011, comments on inflation, prospects improving for office construction, and housebuilders' share prices tumbling.
590 ## - LOCAL NOTE (RLIN)
Local note KA
651 #4 - SUBJECT ADDED ENTRY--GEOGRAPHIC NAME
Geographic name United Kingdom
Chronological subdivision
690 ## - LOCAL SUBJECT ADDED ENTRY--TOPICAL TERM (OCLC, RLIN)
Topical term or geographic name as entry element BUILT ENVIRONMENT-CONSTRUCTION MARKET
700 1# - ADDED ENTRY--PERSONAL NAME
Personal name Rawlinson, Simon
700 1# - ADDED ENTRY--PERSONAL NAME
Personal name Forrest, Kelly
700 1# - ADDED ENTRY--PERSONAL NAME
Personal name Hardy, Robin
942 ## - ADDED ENTRY ELEMENTS (KOHA)
Suppress in OPAC 0
Holdings
Withdrawn status Lost status Source of classification or shelving scheme Damaged status Not for loan Home library Current library Shelving location Date acquired Total Checkouts Full call number Barcode Date last seen Copy number Price effective from Koha item type
    Dewey Decimal Classification     London London Journal article 06/05/2011   L152851 152851-1001 06/08/2019 1 06/08/2019 Journal article